[Event "Êîìàíäíîå ïåð-âî ÐÔ 2012 ã. ïî êëàññè÷åñêèì øàõìàòàì "]
[Site "Ðûáèíñê"]
[Date "2012.08.08"]
[Round "7.43"]
[White "Àìèíîâ Àíäðåé"]
[Black "Îðåõîâ Íèêîëàé"]
[Result "1/2-1/2"]
[WhiteElo "1134"]
[BlackElo "2085"]
[Annotator ""]
[Source ""]
[Remark ""]

1.e4 e6 2.Qe2 c5 3.Nf3 Be7 4.g3 d5 5.d3 Nf6 6.Bg2 Nc6 7.O-O b6
8.e5 Nd7 9.c4 d4 10.h4 h6 11.h5 Bb7 12.Re1 Qc7 13.Bf4 O-O-O 14.Nbd2
Rdg8 15.Ne4 Qd8 16.a3 g5 17.hxg6 Rxg6 18.Nd6+ Bxd6 19.exd6 h5
20.b4 Rhg8 21.Kf1 Rg4 22.Bh3 Qf6 23.b5 Nd8 24.Bxg4 Rxg4 25.Ne5
Rxf4 26.gxf4 Qh4 27.f3 Qh1+ 28.Kf2 Qh2+ 29.Kf1 Qh1+ 30.Kf2 Qh2+
31.Kf1 Qh1+ 1/2-1/2

[Event "Êîìàíäíîå ïåð-âî ÐÔ 2012 ã. ïî êëàññè÷åñêèì øàõìàòàì "]
[Site "Ðûáèíñê"]
[Date "2012.08.08"]
[Round "7.44"]
[White "Ïàâëîâà Íàòàëüÿ"]
[Black "Ôåäîñååâà Âàëåíòèíà"]
[Result "1-0"]
[WhiteElo "1726"]
[BlackElo "1957"]
[Annotator ""]
[Source ""]
[Remark ""]

1.e4 c6 2.d4 d5 3.Nc3 dxe4 4.Nxe4 Bf5 5.Ng3 Bg6 6.N1e2 h6 7.Nf4
Bh7 8.Bc4 Nf6 9.O-O Nbd7 10.Re1 Nb6 11.Bb3 Nbd5 12.c4 Nxf4 13.Bxf4
e6 14.d5 Bg8 15.Qf3 Qb6 16.c5 Bxc5 17.dxe6 fxe6 18.Bxe6 Bxe6
19.Rxe6+ Kf7 20.Rxf6+ gxf6 21.Qh5+ Ke7 22.Re1+ Kd8 23.Rd1+ Bd4
24.Ne2 c5 25.Nxd4 cxd4 26.Qd5+ Ke7 27.Re1+ Kf8 28.Bd6+ Kg7 29.Re7+
Kg6 30.Qe4+ f5 31.Qe6+ 1-0

[Event "Êîìàíäíîå ïåð-âî ÐÔ 2012 ã. ïî êëàññè÷åñêèì øàõìàòàì "]
[Site "Ðûáèíñê"]
[Date "2012.08.08"]
[Round "7.51"]
[White "Ìàðòûíîâ Ïàâåë "]
[Black "Þäèí Èâàí "]
[Result "1-0"]
[WhiteElo "2289"]
[BlackElo "2268"]
[Annotator ""]
[Source ""]
[Remark ""]

1.e4 c5 2.Nf3 d6 3.d4 cxd4 4.Qxd4 Nf6 5.Nc3 Bd7 6.Bg5 Nc6 7.Qd2
Qa5 8.O-O-O Rc8 9.Kb1 h6 10.Bxf6 gxf6 11.Bc4 Qc5 12.Bb3 Rg8 13.Ne1
e6 14.f4 Be7 15.f5 Rh8 16.Nd3 Qd4 17.fxe6 fxe6 18.Qe2 Qb6 19.Nf4
Nd4 20.Qh5+ Kd8 21.Na4 Bxa4 22.Bxa4 Rc5 23.Qg4 Rg5 24.Qh3 Re5
25.c3 Nb5 26.Nxe6+ 1-0

[Event "Êîìàíäíîå ïåð-âî ÐÔ 2012 ã. ïî êëàññè÷åñêèì øàõìàòàì "]
[Site "Ðûáèíñê"]
[Date "2012.08.08"]
[Round "7.52"]
[White "Ãðèøèí Àëåêñàíäð "]
[Black "Ãàíè÷åâ Àëåêñàíäð "]
[Result "1/2-1/2"]
[WhiteElo "2229"]
[BlackElo "2210"]
[Annotator ""]
[Source ""]
[Remark ""]

1.Nf3 d5 2.d4 Nf6 3.c4 e6 4.Nc3 c6 5.Bg5 dxc4 6.e4 b5 7.e5 h6
8.Bh4 g5 9.Nxg5 hxg5 10.Bxg5 Nbd7 11.g3 Bb7 12.Bg2 Qa5 13.exf6
O-O-O 14.O-O Ne5 15.Qe2 Nd3 16.Be3 Ba3 17.Nd1 Bd6 18.b3 e5 19.bxc4
bxc4 20.Nb2 Qa6 21.Rfd1 exd4 22.Bxd4 c5 23.Bxb7+ Qxb7 24.Nxc4
Bc7 25.Qg4+ Kb8 26.Rab1 Nb4 27.Bxc5 Rdg8 28.Rxb4 Rxg4 29.Rxb7+
Kxb7 30.Ne3 Rg5 31.Bd6 Bxd6 32.Rxd6 Kc7 33.Ra6 Kb7 34.Ra4 a5
35.g4 Rh6 36.Rf4 Rgg6 37.Rf5 Rxf6 38.Rxa5 Ra6 39.Rb5+ Rhb6 40.Re5
Re6 41.Rxe6 Rxe6 42.h4 Ra6 43.h5 Rxa2 44.h6 Ra8 45.g5 Kc6 46.f4
Kd6 47.Kf2 Rh8 48.Kg3 Ke7 49.Ng4 Ra8 50.Nf6 Kf8 51.Kg4 Ra6 52.Nd7+
Kg8 53.Kf5 Kh7 54.Ne5 Kg8 55.h7+ Kxh7 56.Nxf7 Kg7 57.Nd8 Ra5+
58.Kg4 Ra4 59.Nc6 Kg6 60.Ne5+ Kg7 61.Kf5 Rb4 62.Nd7 Ra4 63.Nf6
Ra5+ 64.Kg4 Ra4 65.Nh5+ Kg6 66.Ng3 Rb4 67.Nf5 Ra4 68.Nh4+ Kg7
69.Nf3 Kg6 70.Ne5+ Kg7 71.Kf5 Rb4 72.Nc6 Rc4 73.Nd8 Rc5+ 74.Ke6
Kg6 75.Nf7 Rc6+ 76.Nd6 Rc5 77.Nf7 Rc6+ 78.Kd5 Ra6 79.Ne5+ Kf5
80.g6 Kxf4 81.g7 Ra8 82.Ng6+ Kg3 83.Nf8 Ra5+ 84.Ke6 Rg5 85.Kf7
Rxg7+ 86.Kxg7 1/2-1/2

[Event "Êîìàíäíîå ïåð-âî ÐÔ 2012 ã. ïî êëàññè÷åñêèì øàõìàòàì "]
[Site "Ðûáèíñê"]
[Date "2012.08.08"]
[Round "7.53"]
[White "Øïàðòüêî Ãðèãîðèé "]
[Black "Ïèñêîâåö Íèêèòà"]
[Result "1/2-1/2"]
[WhiteElo "2122"]
[BlackElo "1104"]
[Annotator ""]
[Source ""]
[Remark ""]

1.d4 d5 2.c4 e6 3.Nc3 Be7 4.Bf4 Nf6 5.c5 b6 6.b4 a5 7.a3 O-O
8.e3 axb4 9.axb4 Rxa1 10.Qxa1 Nc6 11.Qa4 Bd7 12.b5 Na5 13.c6
Be8 14.Bd3 Nh5 15.Nf3 g5 16.Bg3 f5 17.Be5 g4 18.Nd2 Bd6 19.Ne2
Qe7 20.O-O Nf6 21.f3 Bb4 22.Qc2 Bxd2 23.Qxd2 Nc4 24.Bxc4 dxc4
25.e4 Nh5 26.fxg4 fxg4 27.Rxf8+ Kxf8 28.Qh6+ Kg8 29.Nf4 Nxf4
30.Qxf4 c3 31.Qxg4+ Bg6 32.h4 c2 33.Bf4 Qd6 34.Bxd6 c1Q+ 35.Kh2
cxd6 36.h5 Kg7 37.hxg6 Qh6+ 38.Kg3 Qe3+ 39.Qf3 Qg5+ 40.Kf2 Qd2+
41.Kf1 Qc1+ 42.Ke2 Qc2+ 43.Ke1 Qc1+ 44.Qd1 Qe3+ 45.Qe2 Qc1+ 46.Kf2
Qf4+ 47.Kg1 Qc1+ 48.Kh2 Qh6+ 49.Kg3 hxg6 50.c7 Qc1 51.Qa2 Qxc7
52.Qxe6 Qc3+ 53.Kg4 Qxd4 54.Qe7+ Kh6 55.Qf8+ Kh7 56.Qf7+ Kh6
57.Qf4+ 1/2-1/2

[Event "Êîìàíäíîå ïåð-âî ÐÔ 2012 ã. ïî êëàññè÷åñêèì øàõìàòàì "]
[Site "Ðûáèíñê"]
[Date "2012.08.08"]
[Round "7.54"]
[White "Ïàðàìçèíà Àíàñòàñèÿ "]
[Black "Ëåæåïåêîâà Âåðîíèêà "]
[Result "1-0"]
[WhiteElo "2021"]
[BlackElo "2124"]
[Annotator ""]
[Source ""]
[Remark ""]

1.e4 e5 2.Nf3 Nf6 3.Nc3 Bb4 4.Bc4 d6 5.d3 O-O 6.O-O c6 7.Bb3
Nbd7 8.Ne2 Nc5 9.h3 Re8 10.c3 Nxb3 11.axb3 Bc5 12.Ng3 h6 13.Qe2
Qc7 14.b4 Bb6 15.Nh4 d5 16.Qf3 dxe4 17.dxe4 Nh7 18.Nhf5 Kh8 19.c4
Bd4 20.Ra2 Be6 21.b3 Rad8 22.Bd2 b5 23.c5 Rd7 24.Nd6 Ra8 25.Ne2
Qd8 26.Qd3 Nf6 27.Nxd4 Rxd6 28.cxd6 Qxd6 29.Be3 Rd8 30.Rd2 exd4
31.Qxd4 Qxd4 32.Bxd4 Bxb3 33.f3 Kh7 34.Be3 Re8 35.Bxa7 Nh5 36.Rd6
f5 37.Rb1 Bc4 38.exf5 Re2 39.Rxc6 Nf4 40.Bf2 Bd3 41.Re1 Rb2 42.f6
gxf6 43.Rxf6 Ne2+ 44.Kh1 Rxb4 45.Rd6 Bc4 46.Ra1 Ra4 47.Rxa4 bxa4
48.Bc5 Bb3 49.Kh2 Nc3 50.g4 Nb5 51.Ra6 Nc3 52.f4 Ne4 53.Bd4 1-0

[Event "Êîìàíäíîå ïåð-âî ÐÔ 2012 ã. ïî êëàññè÷åñêèì øàõìàòàì "]
[Site "Ðûáèíñê"]
[Date "2012.08.08"]
[Round "7.61"]
[White "Áîÿðñêèé Àëåêñàíäð "]
[Black "Àëåêñååíêî Êèðèëë "]
[Result "1-0"]
[WhiteElo "2210"]
[BlackElo "2430"]
[Annotator ""]
[Source ""]
[Remark ""]

1.e4 e5 2.Nf3 Nc6 3.Bb5 Nd4 4.Nxd4 exd4 5.O-O Bc5 6.d3 c6 7.Bc4
d6 8.f4 Be6 9.Bxe6 fxe6 10.f5 Nf6 11.Bg5 e5 12.Nd2 Qe7 13.Kh1
Qf7 14.a3 Bb6 15.Qf3 Ba5 16.Nb3 Bd8 17.Bxf6 Bxf6 18.Qg3 Qe7 19.Nd2
Kd7 20.Nf3 b5 21.a4 Rhb8 22.b3 Rb6 23.h4 Kc8 24.Qf2 h5 25.axb5
Rxb5 26.g3 a5 27.Ra4 Rb4 28.Rfa1 Rxa4 29.Rxa4 d5 30.Qe2 Qc5 31.Qd2
Kb7 32.Ng5 Qb5 33.Qe2 Kb6 34.Kg2 Rd8 35.Nf3 Rg8 36.Kh2 Rd8 37.Kg2
Qc5 38.Qd2 Qb5 39.Qe2 Re8 40.Kf1 Rg8 41.Kg2 g6 42.fxg6 Rxg6 43.exd5
Qxd5 44.Kh2 Rg4 45.Qf2 Bd8 46.Nd2 Kb7 47.Ne4 Rxe4 48.dxe4 Qxe4
49.Qg2 Qg6 50.Qe2 Bc7 51.Qg2 Bb6 52.Ra1 e4 53.Re1 e3 54.Qe2 Bc7
55.Rg1 Qe4 56.Kh3 Kb6 57.Rg2 Qf5+ 58.g4 Qe6 59.Qf3 Kb7 60.Qf5
hxg4+ 61.Qxg4 Qf6 62.h5 Qf1 63.Qe2 Qf6 64.Qg4 Ka7 65.Re2 c5 66.Kg2
Qd6 67.Kg1 a4 68.bxa4 c4 69.Qf3 Qe5 70.Kf1 Qg5 71.Rg2 Qd8 72.h6
Be5 73.h7 Qb8 74.Qf7+ Bc7 75.Qxc7+ Qxc7 76.h8Q Qf7+ 77.Kg1 e2
78.Qxd4+ 1-0

[Event "Êîìàíäíîå ïåð-âî ÐÔ 2012 ã. ïî êëàññè÷åñêèì øàõìàòàì "]
[Site "Ðûáèíñê"]
[Date "2012.08.08"]
[Round "7.62"]
[White "Óñìàíîâ Âàñèëèé "]
[Black "Ñóòîðìèí Äàíèëà "]
[Result "1-0"]
[WhiteElo "2333"]
[BlackElo "2224"]
[Annotator ""]
[Source ""]
[Remark ""]

1.c4 d6 2.Nc3 e5 3.g3 f5 4.d4 e4 5.Bg2 c6 6.Nh3 Nf6 7.O-O Be7
8.f3 d5 9.cxd5 cxd5 10.Bg5 Be6 11.Qb3 Qb6 12.Qxb6 axb6 13.Nf4
Kf7 14.e3 Ra5 15.Bh3 exf3 16.Nxe6 Kxe6 17.Rxf3 g6 18.Bxf6 Bxf6
19.g4 Kd6 20.gxf5 g5 21.Bg2 Nc6 22.Rc1 b5 23.Bf1 b4 24.Nb5+ Kd7
25.Rc5 Rxa2 26.Rxd5+ Ke7 27.e4 g4 28.Rg3 h5 29.e5 Bh4 30.Rg2
Ra1 31.Rd2 Bg5 32.f6+ Ke6 33.Nc7+ Kf5 34.Re2 h4 35.f7 h3 36.e6+
Kg6 37.Re4 g3 38.Rg4 g2 39.Rgxg5+ Kf6 40.Rdf5+ Ke7 41.f8Q+ Rxf8
42.Rg7+ 1-0

[Event "Êîìàíäíîå ïåð-âî ÐÔ 2012 ã. ïî êëàññè÷åñêèì øàõìàòàì "]
[Site "Ðûáèíñê"]
[Date "2012.08.08"]
[Round "7.63"]
[White "Âàñèëåíêî Àðòåì "]
[Black "Ïàëü÷óí Ãðèãîðèé "]
[Result "0-1"]
[WhiteElo "2135"]
[BlackElo "1189"]
[Annotator ""]
[Source ""]
[Remark ""]

1.d4 Nf6 2.c4 e6 3.Nc3 Bb4 4.Qc2 O-O 5.a3 Bxc3+ 6.Qxc3 b6 7.Bg5
Bb7 8.Nf3 d6 9.Nd2 Nbd7 10.f3 h6 11.Bh4 e5 12.e4 Re8 13.d5 a5
14.Bd3 Nxd5 15.Bxd8 Nxc3 16.Bxc7 Na4 17.Bc2 Bc6 18.Bxa4 Bxa4
19.b3 Bc6 20.Rd1 Re6 21.Nb1 Rc8 22.Bxd6 a4 23.Bb4 axb3 24.Rd3
b2 25.Kd2 Nf8 26.Nc3 Bb7 27.Nb5 Ba6 28.Nd6 Rc7 29.Rb1 Rg6 30.g3
Ne6 31.Nf5 Kh7 32.Rxb2 Bxc4 33.Rc3 Rd7+ 34.Ke3 Ba6 35.Bd6 Nc5
36.Rb4 Rdxd6 37.Nxd6 Rxd6 38.a4 Ne6 39.Rcb3 Nd4 40.Rb2 Rc6 41.Rxb6
Rc3+ 42.Kd2 Rd3+ 43.Kc1 Bc4 44.a5 Nb3+ 45.R2xb3 Rxb3 46.Rxb3
Bxb3 47.Kb2 Bd1 48.f4 exf4 49.gxf4 Bf3 50.Kc3 Bxe4 51.Kd4 Bh1
52.Ke5 Kg6 53.a6 Kh5 54.f5 Kg5 55.a7 f6+ 56.Ke6 g6 57.h4+ Kh5
58.Kxf6 gxf5 59.Kxf5 Kxh4 60.Kf4 Ba8 0-1

[Event "Êîìàíäíîå ïåð-âî ÐÔ 2012 ã. ïî êëàññè÷åñêèì øàõìàòàì "]
[Site "Ðûáèíñê"]
[Date "2012.08.08"]
[Round "7.91"]
[White "Òàðàñîâ Àëåêñàíäð "]
[Black "Àðáóçîâ Èâàí "]
[Result "0-1"]
[WhiteElo "2124"]
[BlackElo "2163"]
[Annotator ""]
[Source ""]
[Remark ""]

1.d4 e6 2.c4 b6 3.Nf3 Nf6 4.g3 Bb7 5.Bg2 c5 6.d5 exd5 7.Nh4 g6
8.O-O Bg7 9.Nc3 O-O 10.cxd5 d6 11.e4 Re8 12.a4 Na6 13.f4 Nb4
14.Re1 a6 15.h3 Rb8 16.Be3 Nd7 17.Kh2 b5 18.axb5 axb5 19.Nxb5
Nb6 20.Nc3 Ba6 21.Bf1 Bxf1 22.Rxf1 Bxc3 23.bxc3 N4xd5 24.Bxc5
dxc5 25.exd5 Nxd5 26.Qd2 Ne3 27.Rf2 Qxd2 28.Rxd2 Rb3 29.Rc1 Rxc3
30.Rxc3 Nf1+ 31.Kg2 Nxd2 32.Rxc5 Re2+ 33.Kg1 Ne4 34.Ra5 Nxg3
35.Nf3 Re4 36.Kg2 Nf5 37.Ra8+ Kg7 38.Ra7 Re7 39.Rxe7 Nxe7 40.Ng5
h6 41.Ne4 Nf5 42.Kf3 Kf8 43.Nf6 Ke7 44.Ng4 Ke6 45.Ne5 Nd6 46.Ng4
h5 47.Ne3 Nf5 48.Nc4 f6 49.Nd2 Nd6 50.Nf1 Kd5 51.Ne3+ Kd4 52.Nc2+
Kd5 53.Ne3+ Kc5 54.Nc2 Nf5 55.Ne1 Kd5 56.Nd3 Kd4 57.Nb4 Kc4 58.Na6
Kd4 59.Nc7 Kd3 60.Nd5 Nd4+ 61.Kg3 Ke2 62.Nxf6 Nf5+ 63.Kg2 h4
64.Nd7 Ne3+ 65.Kh2 Nd5 66.Ne5 Nxf4 67.Nf7 Nd3 68.Nd6 Kf3 69.Nb5
Ne5 70.Nd6 g5 71.Nf5 Kf2 72.Kh1 Nf3 73.Nd6 Kg3 74.Ne4+ Kxh3 75.Ng3
Kg4 76.Ne2 Kf5 77.Nc3 g4 78.Nd1 Kf4 79.Nf2 g3 80.Nd1 h3 81.Ne3
Ke4 0-1

[Event "Êîìàíäíîå ïåð-âî ÐÔ 2012 ã. ïî êëàññè÷åñêèì øàõìàòàì "]
[Site "Ðûáèíñê"]
[Date "2012.08.08"]
[Round "7.92"]
[White "Ñåðãèåíêî Àíòîí "]
[Black "Êîæåâíèêîâ Èâàí "]
[Result "1/2-1/2"]
[WhiteElo "2111"]
[BlackElo "2073"]
[Annotator ""]
[Source ""]
[Remark ""]

1.d4 Nf6 2.c4 g6 3.Nc3 Bg7 4.e4 O-O 5.f3 d6 6.Be3 e5 7.d5 Nh5
8.Qd2 f5 9.exf5 gxf5 10.O-O-O Nd7 11.g4 fxg4 12.fxg4 Nf4 13.Nge2
Nc5 14.Nxf4 exf4 15.Bxc5 dxc5 16.h3 Bd4 17.Kb1 Bd7 18.Bd3 Qh4
19.Rdf1 Be3 20.Qg2 Rae8 21.Ne4 Kh8 22.Rf3 Qe7 23.Qc2 h6 24.Nc3
Qe5 25.Bg6 Rd8 26.Qe4 Qxe4+ 27.Bxe4 b6 28.Rhf1 Rde8 29.Bg6 Re5
30.Ne2 Kg7 31.Bd3 c6 32.d6 Re6 33.Nxf4 Bxf4 34.Rxf4 Rxf4 35.Rxf4
Rxd6 36.Kc2 Rf6 37.Re4 Rf2+ 38.Kc3 Kf6 39.h4 Rg2 40.Rf4+ Ke7
41.Re4+ Kd6 42.Rf4 Ke7 43.Re4+ Kd8 44.Be2 Kc7 45.Kd3 Rg3+ 46.Re3
Rg2 47.Re4 1/2-1/2

[Event "Êîìàíäíîå ïåð-âî ÐÔ 2012 ã. ïî êëàññè÷åñêèì øàõìàòàì "]
[Site "Ðûáèíñê"]
[Date "2012.08.08"]
[Round "7.94"]
[White "Ìîêøàíîâà Åëèçàâåòà "]
[Black "Êèñòåíåâà Åëèçàâåòà "]
[Result "0-1"]
[WhiteElo "1859"]
[BlackElo "2040"]
[Annotator ""]
[Source ""]
[Remark ""]

1.e4 c5 2.c3 d5 3.exd5 Qxd5 4.d4 Nf6 5.Nf3 Bg4 6.Be2 e6 7.O-O
Nc6 8.Be3 cxd4 9.Nxd4 Bxe2 10.Qxe2 Be7 11.Rd1 O-O 12.Nd2 Nxd4
13.Bxd4 Qf5 14.Qf3 Qxf3 15.Nxf3 Nd5 16.c4 Nf4 17.Be3 Ng6 18.h3
Bf6 19.Rab1 Rfc8 20.b3 Rc7 21.Rd2 b6 22.Rbd1 Rac8 23.Bd4 Be7
24.Ne5 Bg5 25.Rc2 Ne7 26.Nf3 Bh6 27.Be5 Rb7 28.Bb2 Nc6 29.Bc3
f6 30.Rd6 Kf7 31.Nd4 Nxd4 32.Rxd4 e5 33.Rd5 g6 34.Bd2 Bf8 35.Be3
Bb4 36.Rb5 Be7 37.Rd2 Ke6 38.Rbd5 f5 39.f3 Rcc7 40.Kf1 g5 41.Ke2
h5 42.g4 hxg4 43.hxg4 f4 44.Bf2 Bb4 45.Rd1 Rh7 46.Rb5 Bf8 47.Rd8
Be7 48.Rd1 Rh2 49.Rbd5 Bc5 50.Rf1 Rbh7 51.Ke1 Bxf2+ 52.Rxf2 Rxf2
53.Kxf2 Rh2+ 54.Ke1 Rxa2 55.Rd8 Rb2 56.Rd3 e4 57.fxe4 Ke5 58.Rd5+
Kxe4 59.Rxg5 f3 60.Rg7 f2+ 61.Kf1 Kf3 62.Rf7+ Kg3 63.g5 Rb1+
64.Ke2 Re1+ 65.Kd2 f1Q 66.Rxf1 Rxf1 0-1

[Event "Êîìàíäíîå ïåð-âî ÐÔ 2012 ã. ïî êëàññè÷åñêèì øàõìàòàì "]
[Site "Ðûáèíñê"]
[Date "2012.08.08"]
[Round "7.101"]
[White "Âàñåïöîâ Ìàêñèì "]
[Black "Íîæêèí Íèêèòà "]
[Result "1-0"]
[WhiteElo "2240"]
[BlackElo "2117"]
[Annotator ""]
[Source ""]
[Remark ""]

1.e4 e5 2.Nf3 Nc6 3.Bb5 a6 4.Ba4 Nf6 5.d3 b5 6.Bb3 h6 7.O-O Bc5
8.c3 d6 9.Re1 O-O 10.Nbd2 Bb6 11.Nf1 Ne7 12.Ng3 Ng6 13.h3 Re8
14.d4 Bb7 15.Bc2 Qd7 16.Be3 exd4 17.Bxd4 Bxd4 18.cxd4 Rad8 19.Qd2
c5 20.d5 Qc7 21.Rad1 Nd7 22.Nh2 Nde5 23.f4 Nc4 24.Qc1 Bc8 25.Nf3
Qe7 26.e5 Nh4 27.Nd2 Nxd2 28.Qxd2 c4 29.Qd4 Bxh3 30.Qe4 f5 31.exf6
Qxe4 32.Rxe4 Bxg2 33.Re6 gxf6 34.Rxf6 Re3 35.Nf5 Nxf5 36.Bxf5
Bh3 37.Kf2 Bxf5 38.Rg1+ Kh7 39.Kxe3 Re8+ 40.Kf2 Bd3 41.Rf7+ Kh8
42.f5 Re5 43.f6 Be4 44.Rf8+ Kh7 45.Rg7# 1-0

[Event "Êîìàíäíîå ïåð-âî ÐÔ 2012 ã. ïî êëàññè÷åñêèì øàõìàòàì "]
[Site "Ðûáèíñê"]
[Date "2012.08.08"]
[Round "7.102"]
[White "Êàðäàøåâñêèé Åâãåíèé "]
[Black "Áàéãèëüäèí Àëüáåðò "]
[Result "0-1"]
[WhiteElo "2105"]
[BlackElo "2170"]
[Annotator ""]
[Source ""]
[Remark ""]

1.d4 Nf6 2.c4 g6 3.Nc3 d5 4.Nf3 Bg7 5.Bg5 Ne4 6.Bf4 Nxc3 7.bxc3
O-O 8.e3 c5 9.cxd5 Qxd5 10.Be2 cxd4 11.cxd4 Nc6 12.O-O Qa5 13.Qb3
b6 14.Rac1 Bb7 15.Rfd1 Rac8 16.a3 Qf5 17.Qd3 Qxd3 18.Bxd3 e6
19.Kf1 Rfd8 20.Be4 Ba6+ 21.Ke1 Na5 22.Ne5 Bf8 23.Rxc8 Rxc8 24.Bd3
Bb7 25.f3 Bxa3 26.h4 f6 27.Ng4 Kg7 28.Ra1 Be7 29.Ke2 a6 30.Rb1
b5 31.Nf2 f5 32.h5 gxh5 33.Be5+ Kf7 34.g4 fxg4 35.fxg4 h4 36.Bxh7
Nc4 37.Bf4 b4 38.g5 Bg2 39.Ng4 a5 40.Bd3 Nd6 41.g6+ Kg8 42.Be5
Ne8 43.Nh6+ Kf8 44.Ra1 Bf6 45.Rxa5 Bxe5 46.Rxe5 Kg7 47.Rh5 Nf6
48.Rxh4 Rh8 49.Nf5+ exf5 50.Rxh8 Kxh8 51.Bxf5 Nd5 52.Kd2 Kg7
53.Bd3 Nc3 54.Kc2 Bd5 55.e4 Ba2 56.Kb2 Kxg6 57.Bc2 Bc4 58.Bb3
Be2 59.Bg8 Kg7 60.Be6 Nb5 61.Kb3 Nxd4+ 62.Kxb4 Nxe6 63.Kc3 Kf6
64.Kd2 Bb5 65.Kc3 Ke5 66.Kb4 Bd3 67.Kc3 Kxe4 68.Kb4 Kd4 69.Kb3
Nc5+ 70.Kb2 Kc4 71.Ka3 Kc3 72.Ka2 Nb3 73.Ka3 Bh7 74.Ka4 Nd4 75.Ka3
Nb5+ 76.Ka4 Kc4 77.Ka5 Kc5 78.Ka4 Bc2+ 79.Ka5 Bb3 80.Ka6 Nd6
81.Ka5 Nb7+ 82.Ka6 Kc6 83.Ka7 Kc7 84.Ka6 Ba4 85.Ka7 Nd6 86.Ka8
Bb5 87.Ka7 Nc8+ 0-1

[Event "Êîìàíäíîå ïåð-âî ÐÔ 2012 ã. ïî êëàññè÷åñêèì øàõìàòàì "]
[Site "Ðûáèíñê"]
[Date "2012.08.08"]
[Round "7.103"]
[White "Èâàíîâ Ñòåïàí "]
[Black "Ïîëÿíöåâ Ðàäæ "]
[Result "0-1"]
[WhiteElo "2044"]
[BlackElo "1951"]
[Annotator ""]
[Source ""]
[Remark ""]

1.d4 d5 2.c4 e6 3.Nf3 Nf6 4.g3 Nbd7 5.Bg2 Be7 6.O-O O-O 7.Qc2
b6 8.cxd5 exd5 9.Qc6 Rb8 10.Bf4 Bb7 11.Qxc7 Qxc7 12.Bxc7 Rbc8
13.Bf4 Rc2 14.b3 Rxe2 15.Nc3 Rc2 16.Rac1 Rxc1 17.Rxc1 Ba3 18.Rd1
a6 19.Ne5 Rc8 20.Nxd7 Rxc3 21.Nxb6 Rc2 22.Re1 h6 23.h3 Rxa2 24.Be5
Ne4 25.Nxd5 Nxf2 26.Nc3 Rc2 27.Bxb7 Nxh3+ 28.Kh1 Nf2+ 29.Kg1
Nh3+ 30.Kh1 Rxc3 31.d5 Rxb3 32.Bc8 Nf2+ 33.Kh2 Rd3 34.Bb2 Bxb2
35.Re8+ Kh7 36.Bf5+ g6 37.Bxd3 Nxd3 38.d6 Ne5 39.Re7 Kg7 40.d7
Nc6 41.Re8 Bf6 42.Rc8 Nd8 43.Ra8 Kf8 44.Rxa6 Ke7 45.Kg2 Be5 46.Kf3
Kxd7 47.Ke4 Bxg3 0-1

[Event "Êîìàíäíîå ïåð-âî ÐÔ 2012 ã. ïî êëàññè÷åñêèì øàõìàòàì "]
[Site "Ðûáèíñê"]
[Date "2012.08.08"]
[Round "7.104"]
[White "Àíóôðèåíêî Äàðüÿ "]
[Black "Íàñûáóëèíà Àëüôèÿ "]
[Result "1-0"]
[WhiteElo "1985"]
[BlackElo "2064"]
[Annotator ""]
[Source ""]
[Remark ""]

1.e4 d6 2.d4 Nd7 3.f4 e5 4.Nf3 exd4 5.Qxd4 Qf6 6.Qd1 g6 7.Be3
c5 8.Nc3 a6 9.Nd5 Qd8 10.e5 dxe5 11.fxe5 Nb6 12.c4 h6 13.Qc2
Nxd5 14.cxd5 Qxd5 15.Bc4 Qc6 16.O-O Be6 17.Nh4 Ne7 18.Rad1 Qc8
19.Bxe6 Qxe6 20.Qe4 Bg7 21.Qxb7 Rc8 22.Rd6 Qxe5 23.Qd7+ Kf8 24.Qd8+ 1-0

[Event "Êîìàíäíîå ïåð-âî ÐÔ 2012 ã. ïî êëàññè÷åñêèì øàõìàòàì "]
[Site "Ðûáèíñê"]
[Date "2012.08.08"]
[Round "7.111"]
[White "Àôàíàñüåâ Äìèòðèé "]
[Black "Ìàñëîâ Èâàí "]
[Result "1/2-1/2"]
[WhiteElo "2102"]
[BlackElo "1975"]
[Annotator ""]
[Source ""]
[Remark ""]

1.d4 d5 2.c4 c6 3.Nf3 e6 4.Qc2 Bd6 5.g3 Nd7 6.Bg2 Ngf6 7.O-O
O-O 8.Nbd2 e5 9.dxe5 Nxe5 10.cxd5 cxd5 11.Nxe5 Bxe5 12.Nf3 Bd6
13.Rd1 h6 14.b3 Be6 15.Bb2 Rc8 16.Qd3 Be7 17.Nd4 Qb6 18.Nf5 Bxf5
19.Qxf5 Qe6 20.Qd3 Rfd8 21.Rac1 Ne4 22.Rxc8 Qxc8 23.Rc1 Qe6 24.Bd4
Bf6 25.Bxf6 Nxf6 26.Bf3 g6 27.Qd4 a6 28.Rc7 b6 29.Rb7 Rd6 30.Rb8+
Kg7 31.Ra8 b5 32.Qa7 Ne8 33.Qb8 Kf8 34.Bg4 Qe7 35.Ra7 Rd8 36.Qb6
Qd6 37.Rxa6 Qxb6 38.Rxb6 Ra8 39.Rxb5 Nf6 40.Bf3 Rxa2 41.b4 Rb2
42.Rb7 h5 43.h4 Kg7 44.b5 Ne4 45.Bxe4 dxe4 46.e3 Rb1+ 47.Kg2
Kg8 48.b6 Kg7 49.Rb8 Kh7 50.b7 f5 51.g4 hxg4 52.Kg3 Rb2 53.h5
gxh5 54.Kh4 Rb5 55.Kxh5 g3 56.fxg3 f4+ 57.Kg4 fxe3 58.Re8 Rxb7
59.Rxe4 1/2-1/2

[Event "Êîìàíäíîå ïåð-âî ÐÔ 2012 ã. ïî êëàññè÷åñêèì øàõìàòàì "]
[Site "Ðûáèíñê"]
[Date "2012.08.08"]
[Round "7.112"]
[White "Íàâðîäñêèé Áîðèñ "]
[Black "Ðîòìèñòðîâ Àëåêñàíäð "]
[Result "0-1"]
[WhiteElo "1953"]
[BlackElo "1933"]
[Annotator ""]
[Source ""]
[Remark ""]

1.d4 Nf6 2.c4 e6 3.Nf3 b6 4.g3 Ba6 5.b3 Bb4+ 6.Bd2 Be7 7.Bg2
c6 8.O-O d5 9.Qc2 Nbd7 10.Bc1 Rc8 11.Bb2 O-O 12.Re1 c5 13.cxd5
cxd4 14.Qd1 e5 15.e4 Bd6 16.Nbd2 Nc5 17.Bf1 Bxf1 18.Nxf1 Ncxe4
19.N1d2 Nxd2 20.Qxd2 Re8 21.Qg5 Nxd5 22.Qf5 Qf6 23.Qxf6 Nxf6
24.Rac1 Nd7 25.Rxc8 Rxc8 26.Rc1 Rxc1+ 27.Bxc1 f6 28.Nd2 Kf7 29.Kf1
Ke6 30.Ke2 Kd5 31.Nc4 Bc5 32.Bd2 e4 33.h4 Ne5 34.Nxe5 fxe5 35.h5
a5 36.g4 d3+ 37.Kf1 e3 38.fxe3 Ke4 39.Kf2 Bb4 0-1

[Event "Êîìàíäíîå ïåð-âî ÐÔ 2012 ã. ïî êëàññè÷åñêèì øàõìàòàì "]
[Site "Ðûáèíñê"]
[Date "2012.08.08"]
[Round "7.113"]
[White "Ïîãîñÿí Àâåòèê "]
[Black "Ïàê Ìàòâåé "]
[Result "0-1"]
[WhiteElo "1802"]
[BlackElo "1800"]
[Annotator ""]
[Source ""]
[Remark ""]

1.d4 Nf6 2.c4 g6 3.Nc3 d5 4.Bf4 Bg7 5.e3 O-O 6.cxd5 Nxd5 7.Nxd5
Qxd5 8.Bxc7 Bf5 9.Ne2 Nc6 10.Nc3 Qd7 11.Bg3 g5 12.Be2 Rfd8 13.O-O
Bg6 14.Rc1 f5 15.Bc4+ Kh8 16.d5 Qe8 17.Qe2 Ne5 18.Bxe5 Bxe5 19.f3
Rac8 20.e4 f4 21.Rfd1 h5 22.Nb5 a6 23.Nc3 b5 24.Bb3 Qd7 25.Qf2
g4 26.Qb6 Rg8 27.d6 gxf3 28.Bxg8 Rxg8 29.Qc5 Bf6 30.dxe7 Qg4
31.Rc2 Bxe4 32.Rd8 Bxc2 33.Rxg8+ Qxg8 34.Qxh5+ Bh7 35.e8Q Bd4+
36.Kf1 fxg2+ 37.Ke2 g1Q 38.Qxg8+ Qxg8 39.Qf3 Qe6+ 40.Kd1 Qe3
41.Qa8+ Bg8 42.Qxa6 Qd3+ 43.Ke1 Qe3+ 44.Kd1 Qg1+ 45.Kc2 Qxh2+
46.Kd3 Bxc3 47.Kxc3 Qg3+ 48.Kb4 Qg5 49.Qc6 Kg7 50.Qd7+ Bf7 51.Qd4+
Qf6 52.Qg1+ Kf8 53.Qf2 f3 54.b3 Qf5 55.Kc3 Qg4 56.Qc5+ Kg7 57.Qe5+
Kg6 58.Qd6+ Be6 0-1

[Event "Êîìàíäíîå ïåð-âî ÐÔ 2012 ã. ïî êëàññè÷åñêèì øàõìàòàì "]
[Site "Ðûáèíñê"]
[Date "2012.08.08"]
[Round "7.121"]
[White "Êóðçþêîâ Àíäðåé "]
[Black "Ìàì÷åíêî Ñåðãåé "]
[Result "1-0"]
[WhiteElo "2191"]
[BlackElo "1980"]
[Annotator ""]
[Source ""]
[Remark ""]

1.d4 Nf6 2.Nf3 e6 3.c4 b6 4.a3 Bb7 5.Nc3 Ne4 6.Nxe4 Bxe4 7.Nd2
Bg6 8.g3 Be7 9.Bg2 d5 10.e4 O-O 11.exd5 exd5 12.cxd5 Bf6 13.O-O
Bxd4 14.Nc4 Qf6 15.h4 h6 16.g4 Bc5 17.g5 hxg5 18.Bxg5 Qf5 19.b4
Bd6 20.Nxd6 cxd6 21.Be7 Re8 22.Bxd6 Bh5 23.Qb3 Qg6 24.Qg3 Qf6
25.Bf4 Nd7 26.Rfe1 Be2 27.Rac1 Bb5 28.Qg5 Qb2 29.d6 1-0

[Event "Êîìàíäíîå ïåð-âî ÐÔ 2012 ã. ïî êëàññè÷åñêèì øàõìàòàì "]
[Site "Ðûáèíñê"]
[Date "2012.08.08"]
[Round "7.122"]
[White "Êðàñîâñêèé Ñâÿòîñëàâ "]
[Black "Ãëàäêîâ Äìèòðèé "]
[Result "1-0"]
[WhiteElo "1995"]
[BlackElo "1989"]
[Annotator ""]
[Source ""]
[Remark ""]

1.c4 c5 2.Nc3 Nf6 3.g3 e6 4.Nf3 d5 5.cxd5 exd5 6.d4 Nc6 7.Bg2
Be7 8.e3 c4 9.O-O O-O 10.Ne5 Be6 11.f4 g6 12.h3 Ne4 13.Nxe4 dxe4
14.Nxc6 bxc6 15.Bxe4 Bxh3 16.Bxc6 Rc8 17.Bg2 Bxg2 18.Kxg2 c3
19.bxc3 Rxc3 20.Bd2 Rd3 21.Qe2 Qd5+ 22.Kf2 Ra3 23.Bc1 Ra4 24.Rd1
f5 25.Qc2 Rc4 26.Qb3 Bd6 27.a4 Rfc8 28.Bd2 Rxd4 29.Qxd5+ Rxd5
30.Be1 Rc2+ 31.Kf3 Rxd1 32.Rxd1 Bc7 33.Rd7 Bb6 34.a5 Bc7 35.Bb4
h6 36.Be1 a6 37.Bb4 g5 38.fxg5 hxg5 39.g4 fxg4+ 40.Kxg4 Rc4+
41.Kxg5 Rxb4 42.Rxc7 Rb5+ 43.Kf6 Rxa5 44.e4 Ra1 45.e5 a5 46.e6
Rf1+ 47.Ke7 a4 48.Ra7 Ra1 49.Kd8 Rd1+ 50.Rd7 Rb1 51.Rd3 Rb8+
52.Kc7 Re8 53.Kd7 Ra8 54.e7 Ra7+ 55.Ke6 1-0

[Event "Êîìàíäíîå ïåð-âî ÐÔ 2012 ã. ïî êëàññè÷åñêèì øàõìàòàì "]
[Site "Ðûáèíñê"]
[Date "2012.08.08"]
[Round "7.123"]
[White "Äèëìóõàìåòîâ Àðòóð "]
[Black "Óôèìöåâ Åãîð "]
[Result "1/2-1/2"]
[WhiteElo "2078"]
[BlackElo "1911"]
[Annotator ""]
[Source ""]
[Remark ""]

1.e4 c5 2.Nf3 e6 3.d4 cxd4 4.Nxd4 a6 5.Bd3 Qc7 6.O-O Nf6 7.Qe2
d6 8.c4 Be7 9.Nc3 O-O 10.Kh1 Nc6 11.Nxc6 Qxc6 12.f4 Nd7 13.e5
Qc7 14.exd6 Bxd6 15.Bd2 Nf6 16.Ne4 Nxe4 17.Qxe4 f5 18.Qe2 e5
19.c5 Bxc5 20.Bc4+ Kh8 21.fxe5 b5 22.Bb3 Bb7 23.Rac1 Qe7 24.Bc2
Bd4 25.Bxf5 Qxe5 26.Qh5 g6 27.Bxg6 Qxh5 28.Bxh5 Bxb2 29.Rb1 Bg7
30.Rbc1 Bb2 31.Rb1 Bg7 32.Rbc1 Bb2 33.Rb1 Bg7 1/2-1/2

[Event "Êîìàíäíîå ïåð-âî ÐÔ 2012 ã. ïî êëàññè÷åñêèì øàõìàòàì "]
[Site "Ðûáèíñê"]
[Date "2012.08.08"]
[Round "7.124"]
[White "Ìåäâåäåâà Àííà "]
[Black "Àáäóëèíà Áåëëà "]
[Result "1-0"]
[WhiteElo "1988"]
[BlackElo "1776"]
[Annotator ""]
[Source ""]
[Remark ""]

1.e4 c5 2.c3 Nf6 3.e5 Nd5 4.d4 cxd4 5.Nf3 Nc6 6.Bc4 Nb6 7.Bb3
d5 8.exd6 Qxd6 9.O-O Be6 10.Bxe6 Qxe6 11.Nxd4 Nxd4 12.Qxd4 Rd8
13.Qf4 Qc6 14.Nd2 e6 15.Nf3 Nd5 16.Qg3 Qd6 17.Qg4 a6 18.Bg5 Nf6
19.Bxf6 gxf6 20.Nd4 h5 21.Qf3 e5 22.Nf5 Qd5 23.Qh3 Qd3 24.Ne3
Qd6 25.Rad1 Qc5 26.Qf3 Rxd1 27.Rxd1 e4 28.Qg3 Qe5 29.Qh3 Qe6
30.Qf5 Qxf5 31.Nxf5 Rg8 32.h4 Rg4 33.g3 Bc5 34.b4 Be7 35.Rd4
e3 36.fxe3 Rxd4 37.exd4 Bf8 38.Kf2 Kd7 39.Ke3 Ke6 40.Ke4 b6 41.d5+
Kd7 42.a3 a5 43.bxa5 bxa5 44.a4 Kc7 45.Kd4 Kd7 46.Kc4 1-0